Doña Bárbara / (Record no. 16659)

MARC details
000 -CABECERA
campo de control de longitud fija 00694nam a2200217 a 4500
005 - FECHA Y HORA DE LA ÚLTIMA TRANSACCIÓN
campo de control 20210223121400.0
008 - ELEMENTOS DE LONGITUD FIJA--INFORMACIÓN GENERAL
campo de control de longitud fija 991125s1971 mx 000 0 spa u
020 ## - NÚMERO INTERNACIONAL NORMALIZADO PARA LIBROS
Número Internacional Estándar del Libro 9681641191
035 ## - NÚMERO DE CONTROL DEL SISTEMA
Número de control de sistema UPN01000016659
049 ## - COLECCIÓN
Colección CG
050 #4 - SIGNATURA TOPOGRÁFICA DE LA BIBLIOTECA DEL CONGRESO
Número de clasificación PQ8549 G24
Número de documento/Ítem D66 1993
100 1# - ASIENTO PRINCIPAL--NOMBRE PERSONAL
Nombre de persona Gallegos, Rómulo,
Fechas asociadas al nombre 1884-1969
9 (RLIN) 5897
245 10 - MENCIÓN DE TÍTULO
Título Doña Bárbara /
Mención de responsabilidad, etc. Rómulo Gallegos.
260 ## - PUBLICACIÓN, DISTRIBUCIÓN, ETC.
Lugar de publicación, distribución, etc. México :
Nombre del editor, distribuidor, etc. FCE,
Fecha de publicación, distribución, etc. 1971.
300 ## - DESCRIPCIÓN FÍSICA
Extensión 347 p. :
Otras características físicas il.
440 #0 - MENCIÓN DE SERIE/ASIENTO SECUNDARIO--TÍTULO
Título Popular ;
Designación de volumen o secuencia 103
500 ## - NOTA GENERAL
Nota general "Edición definitiva, con correcciones del autor, publicadapara conmemorar los veinticinco años de su aparición"
650 #4 - ASIENTO SECUNDARIO DE MATERIA - TERMINO TEMATICO
Término de materia o nombre geográfico como elemento de entrada LITERATURA VENEZOLANA
9 (RLIN) 14541
650 #4 - ASIENTO SECUNDARIO DE MATERIA - TERMINO TEMATICO
Término de materia o nombre geográfico como elemento de entrada NOVELA VENEZOLANA
9 (RLIN) 14312
905 ## - TIPO DE MATERIAL
Tipo de material Libro
Holdings
Estado de retiro Estado de pérdida Fuente del sistema de clasificación o colocación Estado dañado No para préstamo Código de colección Localización permanente Ubicación/localización actual Ubicación en estantería Enumeración/cronología de publicación seriada Total de préstamos Clasificación Código de barras Fecha visto por última vez Número de copia Tipo de ítem Koha
    Library of Congress Classification     Colección General Bib. Gregorio Torres Quintero Bib. Gregorio Torres Quintero Planta baja - 11 PQ8549 G24 D66 1993 153646 31/12/2020 1 Libro